| 000 | 00993nam a22001817a 4500 | ||
|---|---|---|---|
| 005 | 20260124093750.0 | ||
| 008 | 230713b ||||| |||| 00| 0 eng d | ||
| 040 |
_cSSBUL _dSSBUL |
||
| 082 |
_223 _a၈၉၅.၈၉ ဗိုလ် ၁၆၀၉၂ (S-SAT) |
||
| 245 | _aဗိုလ်ချုပ်မှူးကြီးစောမောင်ပြောကြားသည့် မိန့်ခွန်း / | ||
| 260 |
_aရန်ကုန်၊ _bကြေးမုံသတင်းစာတိုက်၊ _c၁၉၉၀။ |
||
| 300 |
_a၉၂ စာမျက်နှာ၊ _c၂၄ စင်တီ။ |
||
| 500 | _aS-SAT: Dr. Prof Sai Aung Tun | ||
| 650 |
_aမြန်မာမိန့်ခွန်းများ။ _927776 |
||
| 650 |
_aမိန့်ခွန်းများ။ _927777 |
||
| 650 |
_aနိုင်ငံတော်ငြိမ်ဝပ်ပိပြားမှုတည်ဆောက်ရေးအဖွဲ့။ _927918 |
||
| 942 |
_2ddc _cBK1 |
||
| 999 |
_c27158 _d27158 |
||